Aplikácia daní SR v praxi /

Uložené v:
Podrobná bibliografia
Hlavný autor: Bánociová, Anna
Médium: Kniha
Jazyk:Slovak
Vydané: Košice : Elfa, spol. s.r.o., 2011.
Vydanie:1. vyd.
Témy:
ISBN: 9788080861742 (brož.)
Fyzický popis: 193 s. : tab. ; 24 cm.
Tagy: Pridať tag
Žiadne tagy, Buďte prvý kto otaguje tento záznam!

MARC

LEADER 00000nam a22000004a 4500
001 000371908
005 20110809082020.0
008 110517s2011 xo l g 000 0 slo d
020 |a 9788080861742 (brož.) 
040 |a SVKKK  |b slo  |c SVKKK  |e AACR2 
041 0 |a slo 
043 |a e-xo--- 
044 |a xo  |c SK 
072 7 |a 336.1/.5  |x Verejné financie  |2 konspekt 
080 |a 336.22  |2 2001 
080 |a (437.6)  |2 2001 
080 |a (035)  |2 2001 
100 1 |a Bánociová, Anna 
245 1 0 |a Aplikácia daní SR v praxi /  |c Anna Bánociová. 
250 |a 1. vyd. 
260 |a Košice :  |b Elfa, spol. s.r.o.,  |c 2011. 
300 |a 193 s. :  |b tab. ;  |c 24 cm. 
366 |e 150 výtl. 
504 |a Skratky: s. 190; bibliografia: s. 191-192 
521 4 |a Publikácia je určená posluch. vysok. škôl a širokej verejnosti 
650 0 7 |a dane  |2 SVKKKPH 
651 7 |a Slovensko  |2 SVKKKPH 
655 7 |a príručky  |2 SVKKKPH 
910 |a svkkk 
919 |a 978-80-8086-174-2 
998 |a BK 
090 |g SCKHL  |k Sklad Hlavná 10 prízemie  |a IV.211825  |j 1028252  |i 2720242620  |s Absenčne 
090 |g SCKHL  |k Sklad Hlavná 10 prízemie  |a IV.211826  |j 1028253  |i 2720242621  |s Absenčne 
090 |g SCKHL  |k Sklad Hlavná 10 prízemie  |a IV.211827  |j 1028254  |i 2720242622  |s Absenčne